000 00391 a2200145 4500
005 20250625153704.0
020 _a978-81-265-1605-6
082 _a658.15 SHA
100 _aSHAPIRO, A. C.
245 _aMultinational Financial Managements,
250 _a8th Ed.
260 _aNew Delhi,
_bWSE Wiley,
_c2006.
300 _axii.; 734p.; ill.;picture,
_bGlossary & Index,
_c23cm.
942 _2ddc
_cBKS
999 _c5122
_d5122